Neverné hry

Bibliographic Details
Main Author: Polák, Milan, 1932-2022 (Author)
Format: Article
Language:Slovak
PhysicalDescription:Fotogr.
ISSN:0862-5999
Subjects:

MARC

LEADER 00000nab a2200000 a 4500
001 vtls000849704
003 SK-MaSNL
005 20260302164506.0
008 140423c2003 xo 0 slo
015 |a SNBRB2003/10-29277 
035 |a CLN000201359 
040 |a SNKBUCL  |b slo  |c SNKBUCL  |e AACR2 
041 0 |a slo 
044 |a xo  |c SK 
080 |a 791.43(437.1/.2+437.6)  |2 1997 
100 1 |a Polák, Milan,  |d 1932-2022  |4 aut  |9 102381 
245 1 0 |a Neverné hry  |c Milan Polák 
300 |b Fotogr. 
630 0 7 |a Neverné hry (film)  |x recenzie  |2 snkbucl  |9 856335 
655 7 |a články z novín a časopisov  |2 snkbucl  |9 267496 
773 0 |t Literárny týždenník  |g Roč. 16, č. 38 (2003), s. 11  |x 0862-5999 
850 |a Slovenská národná knižnica v Martine 
852 |a SNK  |b KIS3GCP 
958 |a RC 
958 |a CZ 
992 |a RBX 
999 |c 1386874  |d 1388804